000 00223nam a2200121Ia 4500
100 _a#N/A
650 _aComputer/ IT
942 _cBK
654 _atruck
245 _aTruck Madness 2
260 _b#N/A
546 _aENGLISH
999 _c18273
_d18273